00418nam a22001457a 450000500170000000800410001702000220005803500130008008200060009310000180009924500720011726000370018930000280022670000180025420100930125335.0100930t xxu||||| |||| 00| 0 eng d a8125010165c40.00 aA-938859 aS aDalal, Nergis aThe birthday present /cby Nergis dalal; Ilustrated by Shahnaz Arni aNew DelhibOrient Longman c1997 a87p.:b18cm (pbk)cill. aArni, Shahnaz